Statistics for Most Unhealthy Countries Quiz

Click here to take the quiz!

General Stats

  • This quiz has been taken 52 times
  • The average score is 12 of 20

Answer Stats

Country% Correct
RRussia
88%
UUkraine
73%
CCanada
71%
HHungary
71%
PPoland
71%
LLithuania
67%
UUnited States
65%
EEstonia
63%
BBelarus
61%
RRomania
61%
SSlovakia
59%
CCzech Republic
57%
GGreece
57%
SSlovenia
57%
BBelgium
55%
BBulgaria
55%
CCroatia
55%
UUnited Kingdom
55%
AAustralia
53%
LLebanon
29%

Score Distribution

Percentile by Number Answered

Percent of People with Each Score

Your Score History

You have not taken this quiz